000 00635nam a2200217 a 4500
999 _c3526
_d3526
001 3526
003 BD-JhCC
005 20171119085217.0
008 171002s19962005bg |||| ||a| 000 0 ben d
035 _a(BD-JhCC)
040 _aBD-JhCC
_dBD-JhCC
041 _aben
082 _a891.4415
_bISL 1996
100 _aইসলাম, কাজী নজরুল
245 _aফণি-মনসা /
_cকাজী নজরুল ইসলাম
260 _aঢাকা:
_bনজরুল ইন্সটিটিউট,
_c১৯৯৬
300 _a61 p.;
_c22 cm
650 _aBengali poetry
942 _2ddc
_cBK